000 00676nam a2200205Ia 4500
003 GCL
008 140319s9999 xx 000 0 ara d
040 _aGCL /
_cGCL
082 0 4 _a743
_bس ف
100 1 _aسوسى اسكانيان
245 1 0 _aفن المنظور والاظهار المعمارى /
_cسوسى اسكانيان
250 _aالثالثة
260 _aبيروت :
_bدار قابس للطباعة والنشر والتوزيع ،
_c1998
300 _a303 ص ؛
_c24 سم
650 0 4 _aالرسم المنظور
650 0 4 _aالرسم المعمارى
650 0 4 _aرسم الاشخاص
650 0 4 _aالرسم - ادوات
942 _2ddc
_cBK
999 _c5559
_d5559